000 00921nam a22002177a 4500
003 dpl
005 20240221164635.0
008 240220b |||||||| |||| 00| 0 eng d
010 _aHIN-126924
020 _c50.00
035 _aHN-99270
037 _bDBAD/PUB
040 _c0
082 _a808.88
100 _aसरस्वती स्वामीश्री अखंडानन्द
_962287
245 _aह्रदयाकाश के हीरे/
_cसरस्वती स्वामीश्री अखंडानन्द
260 _aमुंबई
_bस्वामी अखंडानन्द पुस्तकालय
_c2011
270 _a28/16 बी जी खेरमार्ग मालावार हिल
_bमुंबई
_e400006
300 _a164पृष्ठ;
_c22cm (अजिल्द)
942 _2ddc
_cHN
_h808.88
_mह्रदया
999 _c200925
_d200925